000 00805nam a2200241Ia 4500
003 OSt
005 20220925230702.0
006 a|||||r|||| 00| 0
007 ta
008 220923b |||||||| |||| 00| 0 eng d
020 _a9781842778890
_c1405.9000000000001
037 _b9716, 26/10/2010, Elite Publisher Distributors
_cGeneral Book
040 _aRTL
_cRTL
_beng
041 _2eng
_aeng
082 _aY15:3(S5).49B, P8
100 _aJackson Stevi
_993646
245 0 _aEast Asian sexualities
_b Modernity, gender and new sexual cultures
260 _aLondon
_bZed books
_c2008
300 _axiii, 242p
_ccm.
650 _aSociology
942 _hY15:3(S5).49B, P8
_cGB
_2CC
999 _c586338
_d586338